VITA CONSACRATA. MARZO APRILE 2000. (Record n. 332940)
[ formato base ]
| 000 -LEADER | |
|---|---|
| fixed length control field | 01767nas a2200277Ia 4500 |
| 001 - CONTROL NUMBER | |
| control field | R052-S4687 |
| 003 - CONTROL NUMBER IDENTIFIER | |
| control field | IT-CnALBA |
| 008 - FIXED-LENGTH DATA ELEMENTS--GENERAL INFORMATION | |
| fixed length control field | 170116c99999999xx |||||||||||| ||und|| |
| 040 ## - CATALOGING SOURCE | |
| Original cataloging agency | IT-CnALBA |
| Transcribing agency | IT-CnALBA |
| 041 ## - LANGUAGE CODE | |
| Language code of text/sound track or separate title | ITALIANO |
| 999 ## - SYSTEM CONTROL NUMBERS (KOHA) | |
| Koha Dewey Subclass [OBSOLETE] | NO |
| 100 ## - MAIN ENTRY--PERSONAL NAME | |
| Personal name | MIDALI MARIO, SDB. |
| 210 ## - ABBREVIATED TITLE | |
| Abbreviated title | VITA CONSACRATA |
| 222 ## - KEY TITLE | |
| Key title | VITA CONSACRATA |
| 245 #0 - TITLE STATEMENT | |
| Title | VITA CONSACRATA. MARZO APRILE 2000. |
| 250 ## - EDITION STATEMENT | |
| Edition statement | 1a ed. |
| 260 ## - PUBLICATION, DISTRIBUTION, ETC. (IMPRINT) | |
| Place of publication, distribution, etc. | MILANO - BOLOGNA |
| Name of publisher, distributor, etc. | ANCORA EDITRICE |
| Date of publication, distribution, etc. | 2000 [1° Ed.:2000 - Ed.Ling.Originale: 2000] |
| 300 ## - PHYSICAL DESCRIPTION | |
| Extent | 110 p. |
| 310 ## - CURRENT PUBLICATION FREQUENCY | |
| Current publication frequency | BIMESTRALE |
| 362 ## - DATES OF PUBLICATION AND/OR SEQUENTIAL DESIGNATION | |
| Dates of publication and/or sequential designation | Fascicolo: 2 / Anno: 36 (2000) |
| 500 ## - GENERAL NOTE | |
| General note | NUOVE FORME VITA CONSACRATA. LETTURA TEOLOGICA. RELAZIONI GENERAZIONI NELLA VITA CONSACRATA. CHIESA LOCALE. ISTRUZIONE VERBI SPONSA E VITA CONTEMPLATIVA CLAUSTRALE. COMUNITÀ FACENTE SPAZIO AL DESIDERIO. DIRE LA VITA CONSACRATA NEL NOSTRO TEMPO. PAROLE. VITA FRATERNA, NUOVA EVANGELIZZAZIONE. SANTA MAESTRA DI VITA PER L'ERUROPA DEL NUOVO TEMPO. IL DECLINO DELLE VOCAZIONI RELIGIOSE. L'ICONA DELLA TRINITÀ. CARBONE S. RECCHI S. SARTORIO V. GARDIN A. FAMIGLIETTI T. ANGE D. |
| 501 ## - WITH NOTE | |
| With note | Società San Paolo EM - Piazza San Paolo, 14 - 12051 ALBA (CN) (non commercial uses only) ® Copyright 2017 |
| 520 ## - SUMMARY, ETC. | |
| Summary, etc. | NUOVE FORME VITA CONSACRATA. LETTURA TEOLOGICA. RELAZIONI GENERAZIONI NELLA VITA CONSACRATA. CHIESA LOCALE. ISTRUZIONE VERBI SPONSA E VITA CONTEMPLATIVA CLAUSTRALE. COMUNITÀ FACENTE SPAZIO AL DESIDERIO. DIRE LA VITA CONSACRATA NEL NOSTRO TEMPO. PAROLE. VITA FRATERNA, NUOVA EVANGELIZZAZIONE. SANTA MAESTRA DI VITA PER L'ERUROPA DEL NUOVO TEMPO. IL DECLINO DELLE VOCAZIONI RELIGIOSE. L'ICONA DELLA TRINITÀ. CARBONE S. RECCHI S. SARTORIO V. GARDIN A. FAMIGLIETTI T. ANGE D. |
| 650 ## - SUBJECT ADDED ENTRY--TOPICAL TERM | |
| Topical term or geographic name as entry element | TEOLOGIA SPIRITUALE |
| 942 ## - ADDED ENTRY ELEMENTS (KOHA) | |
| Koha item type | RIVISTA |
| 957 ## - | |
| -- | 1 |
| 999 ## - SYSTEM CONTROL NUMBERS (KOHA) | |
| -- | 1 |
| Withdrawn status | Lost status | Damaged status | Not for loan | Home library | Current library | Date acquired | Total Checkouts | Full call number | Date last seen | Price effective from | Koha item type | Public note |
|---|---|---|---|---|---|---|---|---|---|---|---|---|
| Buone Condizioni | Not For Loan | ALBA - Biblioteca | ALBA - Biblioteca | 16/01/2017 | R052-S4687 | 16/01/2017 | 16/01/2017 | RIVISTA | (data import: 16 gennaio 2017) - By Epidotti, Vaglietti. |